000 00536nam a2200217Ia 4500
003 OSt
005 20220928140747.0
006 a|||||r|||| 00| 0
007 ta
008 220927b |||||||| |||| 00| 0 eng d
024 _a11632
037 _cTextual
040 _aSDCL
_cSDCL
_beng
041 _2eng
_aeng
082 _a4, P1
100 _aSingh Shri Kant
_9414715
245 0 _aSampreshan
_b Pratiroop aivm sidhant.
260 _c2001
942 _h4, P1
_cTEXL
_2CC
999 _c814050
_d814050